000 00596nam a2200217Ia 4500
001 14873
003 GE_BSU
008 181216s||||||||xx |||||||||||||| ||und||
040 _cGE_BSU
080 _a519.21(075.8)
100 _aБоровков,А.А.
245 _aТеория вероятностей
245 _cРед. Л.М.Кушелевич В.В. Абгарян
260 _aМосква
260 _bНаука
260 _c1976
300 _a351стр.20см.
300 _eТабл.Указ.стр.350-351
653 _aТеория вероятностей
942 _cBK
999 _c47995
_d47995